Central Library OPAC University of Rajshahi

আকীদা ও আমল / (Record no. 44799)

MARC details
000 -LEADER
fixed length control field 01353nam a2200289 a 4500
001 - CONTROL NUMBER
control field 44799
003 - CONTROL NUMBER IDENTIFIER
rucl marc code BD-RjUL
005 - DATE AND TIME OF LATEST TRANSACTION
control field 20211209053923.0
008 - FIXED-LENGTH DATA ELEMENTS--GENERAL INFORMATION
fixed length control field 160720r19851979bg ||||| |||| 00| 0 ben d
020 ## - INTERNATIONAL STANDARD BOOK NUMBER
Terms of availability : TK 20.00
035 ## - SYSTEM CONTROL NUMBER
System control number (BD-RjUL)44917
040 ## - CATALOGING SOURCE
Original cataloging agency BD-RjUL
Language of cataloging ben
Transcribing agency BD-RjUL
041 ## - LANGUAGE CODE
Language code of text/sound track or separate title ben
082 ## - DEWEY DECIMAL CLASSIFICATION NUMBER
Edition number 23
Classification number 297.41
Author mark and year GAA 1985
100 1# - MAIN ENTRY--PERSONAL NAME
Personal name গাজ্জালী, ইমাম
9 (RLIN) 137316
245 10 - TITLE STATEMENT
Title আকীদা ও আমল /
Statement of responsibility, etc. ইমাম গাজ্জালী ; ইংরেজী অনুবাদ: মন্টগোমারী ওয়াট ; বাংলা অনুবাদ: এম. এ. সামাদ
250 ## - EDITION STATEMENT
Edition statement ২য় সং.
260 ## - PUBLICATION, DISTRIBUTION, ETC. (IMPRINT)
Place of publication, distribution, etc. ঢাকা :
Name of publisher, distributor, etc. ইসলামিক ফাউণ্ডেশন বাংলাদেশ,
Date of publication, distribution, etc. ১৯৮৫
300 ## - PHYSICAL DESCRIPTION
Pagination [১০], ১৪৭ পৃ. ;
Size ১৮ সেমি.
490 ## - SERIES STATEMENT
Series statement ই. ফা. বা. প্রকাশনা ;
Volume/sequential designation ৫৮/১
650 ## - SUBJECT ADDED ENTRY--TOPICAL TERM
Topical term or geographic name as entry element ইসলাম
General subdivision বিশ্বাস
9 (RLIN) 137318
Topical term or geographic name as entry element Islam
General subdivision Faith
9 (RLIN) 137319
700 ## - ADDED ENTRY--PERSONAL NAME
Personal name ওয়াট, মন্টগোমারী, ইংরেজী অনুবাদক
Personal name সামাদ, এম. এ. , বাংলা অনুবাদক
830 ## - SERIES ADDED ENTRY--UNIFORM TITLE
Uniform title ই. ফা. বা. প্রকাশনা ;
Volume number/sequential designation ৫৮/১
942 ## - ADDED ENTRY ELEMENTS (KOHA)
Source of classification or shelving scheme Dewey Decimal Classification
Koha item type Books
Holdings
Lost status Source of classification or shelving scheme Damaged status Not for loan Collection code Permanent Location Current Location Shelving location Date acquired Source of acquisition Cost, normal purchase price Total Checkouts Full call number Date last seen Copy number Koha item type
  Dewey Decimal Classification     Non-fiction Central Library, University of Rajshahi Central Library, University of Rajshahi   04/03/1996 Islamic foundation 20.00   B 297.22 GAA 1985 20/07/2016 C-2 Books